01948cam a22003255a 45000010009000000050017000090080041000260200043000670200040001100400072001500820025002221000033002472450054002802600062003343000025003964900020004215000026004415040041004675050606005086500077011146500078011916500045012696500039013146500041013536510010013946530021014049420008014259990017014339520172014501591550620160403144104.0090921s2010 mau frb 001 0 eng d a9781405167314 (hardcover : alk. paper) a1405167319 (hardcover : alk. paper) aDLCbengcDLCdYDXdUKMdYDXCPdBWXdDEBBGdCDXdOCLdDLCdEG-ScBUE04a821.9109112222bWHI1 aWhitworth, Michael H.93974910aReading modernist poetry /cMichael H. Whitworth. aMalden ;aOxford ;aChichester :bWiley-Blackwell,c2010. axi, 237 p. ;c24 cm.0 aReading poetry. aIndex : p. [234]-237. aIncludes bibliographical references.0 aPart one. Subject matter: reflexivity; landscapes, locations, and texts; explorations of consciousness -- Part two. Techniques: interpreting obscurities, negotiating negatives; the sound of the poem; allusion and quotation; the language of modernist poetry: diction and dialogue; literal and metaphorical language; mythology, mythography, and mythopoesis; who is speaking? -- Part three. Form, structure, and evaluation: form; subjects and objects in modernist lyric; temporality and modernist lyric; the dramatic monologue; modernism, epic, and the long poem; modernist endings; value and evaluation. 0aEnglish poetryy20th centuryxHistory and criticismxTheory, etc.2BUEsh 0aAmerican poetryy20th centuryxHistory and criticismxTheory, etc.2BUEsh 7aReader-response criticism.2BUEsh939751 7aPoetryxExplication.2BUEsh939750 0aModernism (Literature)2BUEsh930834 2BUEsh bEEENGcApril2016 2ddc c21563d21535 00102ddc40708Modern A. aMAINbMAINc2NDd2016-04-03ePurchaseg560.00h229l1o821.9109112 WHIp000032265q2020-01-18r2019-12-18 00:00:00s2019-12-18v700.00yBB